000 00225 a2200097 4500
001 39694
100 _aWard Michael
245 _a50 Essential management techniques
260 _aLondon
_bGower
_c1995
090 _c24713
_d24713
942 _aNUST-CAE
_cM
_c16351
999 _c274767
_d274767